| 000 | 00996nam a22002297a 4500 | ||
|---|---|---|---|
| 005 | 20110915094017.0 | ||
| 010 | _aG-001162 | ||
| 020 |
_a8185726701 _c80.00 |
||
| 035 | _aG-001162 | ||
| 037 | _bउपहार | ||
| 082 | _aक | ||
| 100 |
_aमिश्र, हेमांगी _934738 |
||
| 245 |
_aबुद्धिमान महिला / _cहेमांगी मिश्र |
||
| 246 |
_a _b |
||
| 260 |
_aदिल्ली _bयात्री प्रकाशन _c2005 |
||
| 270 |
_aबी-131, सादतपुर, _bदिल्ली _e110094 _k |
||
| 300 |
_a88पृ. _bसचित्र _c22 सेमी (सजिल्द) |
||
| 700 |
_a _934535 |
||
| 942 |
_2ddc _cCH _hक _mमिश्रहे |
||
| 999 |
_c56621 _d56621 |
||